书目信息 |
| 题名: |
科学教育初心
|
|
| 作者: | 严建斌 著 | |
| 分册: | ||
| 出版信息: | 北京 中国言实出版社 2019.03 |
|
| 页数: | 192页 | |
| 开本: | 24cm | |
| 丛书名: | ||
| 单 册: | ||
| 中图分类: | G623.62 | |
| 科图分类: | ||
| 主题词: | 科学教育学--教学研究--小学 | |
| 电子资源: | ||
| ISBN: | 978-7-5171-2952-3 | |
| 000 | 00756nam0 2200229 450 | |
| 001 | 0103152643 | |
| 005 | 20201103152729.0 | |
| 010 | @a978-7-5171-2952-3@dCNY36.00 | |
| 100 | @a20190508d2019 em y0chiy50 ea | |
| 101 | 0 | @achi |
| 102 | @aCN@b110000 | |
| 105 | @aa z 000yy | |
| 106 | @ar | |
| 200 | 1 | @a科学教育初心@Ake xue jiao yu chu xin@f严建斌著 |
| 210 | @a北京@c中国言实出版社@d2019.03 | |
| 215 | @a192页@c照片@d24cm | |
| 330 | @a本书分“澄明智慧”“激扬活力”“润泽生命”三辑,是作者多年来对科学教育的所愿、所感、所思、所为的概括和总结,特别是书中介绍的实验成果。 | |
| 606 | 0 | @a科学教育学@x教学研究@x小学 |
| 690 | @aG623.62@v5 | |
| 701 | 0 | @a严建斌@Ayan jian bin@4著 |
| 801 | 0 | @aCN@bBJSZM@c20201103 |
| 905 | @b1255326-30@dG623.62@e1018@f5 | |
| 科学教育初心/严建斌著.-北京:中国言实出版社,2019.03 |
| 192页:照片;24cm |
| ISBN 978-7-5171-2952-3:CNY36.00 |
| 本书分“澄明智慧”“激扬活力”“润泽生命”三辑,是作者多年来对科学教育的所愿、所感、所思、所为的概括和总结,特别是书中介绍的实验成果。 |
| ● |
| 相关链接 |
|
|
|
|
正题名:科学教育初心
索取号:G623.62/1018
 
预约/预借
| 序号 | 登录号 | 条形码 | 馆藏地/架位号 | 状态 | 备注 |
| 1 | 1255326 | 212553262 | 第一样本阅览室/ [索取号:G623.62/1018] | 在馆 | |
| 2 | 1255327 | 212553271 | 教育系资料室/ [索取号:G623.62/1018] | 在馆 | |
| 3 | 1255328 | 212553280 | 教育系资料室/ [索取号:G623.62/1018] | 在馆 | |
| 4 | 1255329 | 212553299 | 第四借阅区/ [索取号:G623.62/1018] | 在馆 | |
| 5 | 1255330 | 212553306 | 第四借阅区/ [索取号:G623.62/1018] | 在馆 |